000 00997nam2a2200205 4500
001 RU\NLR\PER_A\002347340_001120
005 20250624014802.0
035 _a(NLR Aleph) 012320663
090 _a11419755
_c11419755
100 _a20200824d2020 |||y0rusy50 ca
101 0 _arus
102 _aRU
200 0 _a2020, № 1
210 _d2020
_aБ. м.
461 0 _1001RU\NLR\INFOCOMM6\1000510337
_12001#$aСоциальные и гуманитарные науки$hСерия 9$iВостоковедение и африканистика$eРеф. журн.$eРЖ$eЗарубеж. лит.$fРос. акад. наук. ИНИОН$v2020, № 1
_94501543
_cМ.
_d1972 -
_fРос. акад. наук. ИНИОН
_hСерия 9
_iВостоковедение и африканистика
_oРеф. журн. : РЖ : Зарубеж. лит.
_tСоциальные и гуманитарные науки
_v2020, № 1
852 _aNLR
_jС П-1/752
942 _cISSUE
980 _aNB
980 _aRUSPER